Pokemon - Normal - Statistiques

Statistiques générales
  • Ce quiz a été pris 22 fois
    8 depuis la dernière actualisation
  • Le résultat moyen est 13 sur 20
Statistiques - réponses
Question Basique Réponse simple % Correct
Pokemon évolutif Evoli
100%
Permet de passer les arbustes Coupe
88%
Si je chante, tu dors Rondoudou
88%
Attaque qui protège Abri
75%
Le dieu des pokemons Arceus
75%
Attaque qui t'apeure à coup sûr Bluff
75%
Seul pokemon eau-normal Castorno
75%
Je change souvent de coupe Couafarel
75%
Je change suivant le climat Morpheo
75%
Il existe 4 294 967 296 variantes de moi Spinda
75%
Faiblesse du type normal Combat
63%
Capacité dévastatrice qui met KO le lanceur Explosion
63%
Objet augmentant les attaques normal Mouchoir Soie
63%
Objet permettant de lever Ronflex Poké flûte
63%
Fais évoluer Ursaring Bloc de Tourbe
50%
J'ai un moumouton puis un moumouflon Nabil
50%
Telent qui convertit toutes les attaques en type normal Normalise
50%
Fait évoluer Ptiravi Pierre Ovale
50%
Capacité dynamax de type normal offensive Normalomax
38%
Je gagne un ventre en évoluant Insolourdo
13%
Aucun quiz correspondant
Distribution des résultats
% des personnes avec chaque résultat
Percentile par nombre de réponses
Votre historique - résultats
Vous n’avez pas pris ce quiz depuis la dernière actualisation